| 000 | 00528nam a22001815i 4500 | ||
|---|---|---|---|
| 001 | 54457 | ||
| 003 | ES-MaACL | ||
| 005 | 20230906162946.0 | ||
| 007 | t| | ||
| 008 | 960723s1843 fr ||||1| fre d | ||
| 040 |
_aCAM _bspa _cCAM |
||
| 100 | 1 |
_aFoucart, E. V. _951916 |
|
| 245 | 1 | 0 |
_aEléments de droit public et administratif ... / _cpar E. V. Foucart. |
| 250 | _a3e éd. | ||
| 260 |
_aParis : _bVidecoq Père et fils, _c1843 ( _fimprimé par Béthune et Plon) |
||
| 300 |
_a3 v. ; _c22 cm. |
||
| 852 |
_aES-MaACL _jG-8111-3 |
||
| 999 |
_c54457 _d54457 |
||